LEADER 00852nam0-2200277---450 001 9910644498703321 005 20230210102708.0 100 $a20130213d1976----km-y0itay50------ba 101 1 $aita$ceng 102 $aIT 105 $ay-------001yy 200 1 $aSavonarola a Firenze$eprofezia e patriottismo nel rinascimento$fDonald Weinstein 210 $aBologna$cIl mulino$d1976 215 $aXXII, 420 p.$d21 cm 225 1 $aNuova collana storica 454 0$aSavonarola and Florence : profhecy and patriotism in the Renaissance 676 $a920.71$v23$zita 700 1$aWeinstein,$bDonald$0192753 801 0$aIT$bUNINA$gREICAT$2UNIMARC 901 $aBK 912 $a9910644498703321 952 $aXXI Coll. 156 (3)$b2966*$fFGBC 952 $aXXI B 332$b2966*$fFGBC 959 $aFGBC 996 $aSavonarola a Firenze$9839086 997 $aUNINA